[Event "4NCL/Div2/SLOS2 vs. HKF2"]
[Site "Coventry ENG"]
[Date "2006.11.11"]
[Round "3.5"]
[White "Schneider, Veronika"]
[Black "Hagesaether, Arne"]
[Result "1-0"]
[WhiteElo "2221"]
[BlackElo "2178"]
[PlyCount "71"]
[EventDate "2006.11.11"]
[EventType "team"]
[EventRounds "11"]
[EventCountry "ENG"]
[WhiteTeam "Slough Sharks 2"]
[BlackTeam "H Kingfisher 2"]

1. e4 c6 2. c4 d5 3. cxd5 cxd5 4. exd5 Nf6 5. Bb5+ Nbd7 6. Nc3 a6 7. Be2 Nb6 8.
d4 Nbxd5 9. Nf3 g6 10. Ne5 Nxc3 11. bxc3 Bg7 12. Qb3 O-O 13. Bf3 Nd7 14. Nc4 e5
15. O-O exd4 16. Ba3 dxc3 17. Rad1 Qf6 18. Rfe1 Ra7 19. Be7 Qf4 20. Nd6 Nc5 21.
Qd5 Be6 22. Qxc5 b6 23. Qg5 Qxg5 24. Bxg5 Bxa2 25. Be3 Rb8 26. Ra1 Be6 27. Rab1
Rd7 28. Ne4 b5 29. Nc5 Re7 30. Nxa6 Rbe8 31. Bc6 c2 32. Rbc1 Bf5 33. Bxe8 Rxe8
34. Nb4 Rc8 35. Bd2 h5 36. h3 1-0

[Event "4NCL/Div2/SLOS2 vs. HKF2"]
[Site "Coventry ENG"]
[Date "2006.11.11"]
[Round "3.6"]
[White "Wilson, Alexandra"]
[Black "Roberson, Peter T"]
[Result "0-1"]
[WhiteElo "2056"]
[BlackElo "2187"]
[PlyCount "142"]
[EventDate "2006.11.11"]
[EventType "team"]
[EventRounds "11"]
[EventCountry "ENG"]
[WhiteTeam "H Kingfisher 2"]
[BlackTeam "Slough Sharks 2"]

1. e4 c6 2. d4 d5 3. Nc3 dxe4 4. Nxe4 Bf5 5. Ng3 Bg6 6. Bc4 e6 7. N1e2 Bd6 8.
O-O Ne7 9. c3 Qc7 10. Bd3 O-O 11. f4 Nf5 12. Qc2 Re8 13. Ne4 Bf8 14. N2g3 Nxg3
15. Nxg3 Bxd3 16. Qxd3 f5 17. Qc4 Qf7 18. Re1 Nd7 19. Qb3 Nf6 20. Bd2 Rad8 21.
Re2 a6 22. Rae1 Rd5 23. Nf1 b5 24. Be3 Rdd8 25. Bf2 Nd5 26. g3 Rd6 27. Nd2 Nf6
28. a4 h6 29. axb5 axb5 30. Qa2 g5 31. fxg5 hxg5 32. Nf3 Bh6 33. Qa3 Qc7 34.
Qb3 Nd5 35. Qc2 Qg7 36. Re5 g4 37. Nh4 f4 38. Nf5 Qh7 39. Qe2 f3 40. Qe4 Nf6
41. Nxh6+ Qxh6 42. Qc2 Nd5 43. R1e4 Qh3 44. Rg5+ Kh8 45. Be1 Rg8 46. Rexg4 Rxg5
47. Rxg5 Rd8 48. Qf2 Rf8 49. Bd2 Rf5 50. Rxf5 Qxf5 51. Qe1 Qh3 52. Qf2 Qf5 53.
Qe1 Kg8 54. Kf2 Nf6 55. Be3 Ng4+ 56. Kg1 Qh5 57. h4 Qf5 58. Bf2 Kf7 59. Qc1 Ke8
60. Qe1 Kf7 61. Qc1 Nf6 62. Qd1 Ne4 63. Qc1 Kg6 64. Qe3 Nf6 65. Qc1 Qh3 66. Qf1
Qg4 67. Kh2 Qe4 68. b3 Qc2 69. Kh3 Ng4 70. Bg1 Qf5 71. Qe1 Nf2+ 0-1

[Event "4NCL/Div2/SLOS2 vs. HKF2"]
[Site "Coventry ENG"]
[Date "2006.11.11"]
[Round "3.7"]
[White "Muter, Donny"]
[Black "Crombleholme, Alan K"]
[Result "1-0"]
[WhiteElo "2146"]
[BlackElo "2110"]
[PlyCount "75"]
[EventDate "2006.11.11"]
[EventType "team"]
[EventRounds "11"]
[EventCountry "ENG"]
[WhiteTeam "Slough Sharks 2"]
[BlackTeam "H Kingfisher 2"]

1. d4 Nf6 2. Nf3 g6 3. c4 Bg7 4. Nc3 c5 5. d5 d6 6. Bg5 h6 7. Bf4 O-O 8. e4 a6
9. a4 Nh5 10. Be3 e5 11. dxe6 Bxe6 12. Qd2 Kh7 13. Be2 Nc6 14. Rd1 Qb6 15. O-O
Rad8 16. Ne1 Ne5 17. Nd5 Qb3 18. Rc1 Ng4 19. Bxg4 Bxg4 20. Nd3 Qxa4 21. f4 Be6
22. b4 Bxd5 23. exd5 Rfe8 24. bxc5 Re4 25. cxd6 Qe8 26. Rfe1 Rxd6 27. Nf2 Re7
28. Bc5 Rxe1+ 29. Rxe1 Qd7 30. Ne4 Bf8 31. Bxd6 Bxd6 32. c5 Be7 33. d6 Bd8 34.
Qd4 Qe6 35. Qe5 Qg4 36. Nf2 Qxf4 37. Qxf4 Nxf4 38. Re7 1-0

[Event "4NCL/Div2/SLOS2 vs. HKF2"]
[Site "Coventry ENG"]
[Date "2006.11.11"]
[Round "3.8"]
[White "Parmar, Amisha"]
[Black "Kafka, Graeme"]
[Result "1/2-1/2"]
[WhiteElo "1981"]
[BlackElo "2136"]
[PlyCount "37"]
[EventDate "2006.11.11"]
[EventType "team"]
[EventRounds "11"]
[EventCountry "ENG"]
[WhiteTeam "H Kingfisher 2"]
[BlackTeam "Slough Sharks 2"]

1. e4 c5 2. Nf3 d6 3. Bb5+ Bd7 4. Bxd7+ Nxd7 5. O-O Ngf6 6. Qe2 Rc8 7. Re1 e6
8. c4 Be7 9. b3 O-O 10. Bb2 Re8 11. d4 d5 12. Nbd2 cxd4 13. e5 d3 14. Qxd3 Nc5
15. Qd4 Nfe4 16. Nxe4 Nxe4 17. cxd5 exd5 18. Qd3 Bc5 19. Bd4 1/2-1/2

[Event "4NCL/Div2/WRO vs. WWKS1"]
[Site "Coventry ENG"]
[Date "2006.11.12"]
[Round "4.1"]
[White "Van de Griendt, Jan W"]
[Black "Thomas, Nicholas"]
[Result "1/2-1/2"]
[WhiteElo "2373"]
[BlackElo "2295"]
[PlyCount "59"]
[EventDate "2006.11.12"]
[EventType "team"]
[EventRounds "11"]
[EventCountry "ENG"]
[WhiteTeam "White Rose"]
[BlackTeam "Warks Select 1"]

1. d4 e6 2. c4 Nf6 3. Nf3 Bb4+ 4. Bd2 a5 5. Qc2 Bxd2+ 6. Nbxd2 d6 7. g3 O-O 8.
Bg2 Nc6 9. O-O e5 10. d5 Ne7 11. e4 Nd7 12. Ne1 c6 13. Nd3 cxd5 14. cxd5 b5 15.
Rfc1 Ba6 16. b4 a4 17. Qc7 Nb6 18. Qxd8 Rfxd8 19. Rc7 Rd7 20. Rac1 Ra7 21. Rxd7
Nxd7 22. f4 f6 23. Kf2 g6 24. Bh3 Kg7 25. Rc3 Nb6 26. fxe5 fxe5 27. Nb2 Bc8 28.
Bf1 Bd7 29. Nb1 Rb7 30. Rc2 1/2-1/2

[Event "4NCL/Div2/WRO vs. WWKS1"]
[Site "Coventry ENG"]
[Date "2006.11.12"]
[Round "4.2"]
[White "Hynes, Anthony"]
[Black "Kaid, Almar"]
[Result "1/2-1/2"]
[WhiteElo "2248"]
[BlackElo "2281"]
[PlyCount "36"]
[EventDate "2006.11.12"]
[EventType "team"]
[EventRounds "11"]
[EventCountry "ENG"]
[WhiteTeam "Warks Select 1"]
[BlackTeam "White Rose"]

1. e4 e6 2. d4 d5 3. Nd2 dxe4 4. Nxe4 Nd7 5. Nf3 Ngf6 6. Nxf6+ Nxf6 7. Bd3 c5
8. O-O cxd4 9. Nxd4 Bc5 10. Nb3 Be7 11. Qe2 O-O 12. Rd1 Qc7 13. c4 b6 14. Be3
Bb7 15. Rac1 Ne4 16. Qc2 Nf6 17. Qe2 Ne4 18. Qc2 Nf6 1/2-1/2

[Event "4NCL/Div2/WRO vs. WWKS1"]
[Site "Coventry ENG"]
[Date "2006.11.12"]
[Round "4.3"]
[White "Adams, David M"]
[Black "Mason, Don"]
[Result "1/2-1/2"]
[WhiteElo "2223"]
[BlackElo "2248"]
[PlyCount "70"]
[EventDate "2006.11.12"]
[EventType "team"]
[EventRounds "11"]
[EventCountry "ENG"]
[WhiteTeam "White Rose"]
[BlackTeam "Warks Select 1"]

1. c4 e5 2. g3 Nc6 3. Bg2 f5 4. Nc3 Nf6 5. d3 Bb4 6. Bd2 O-O 7. e3 Ne7 8. a3
Bxc3 9. Bxc3 d6 10. Ne2 Qe8 11. O-O Qh5 12. d4 Ng6 13. dxe5 dxe5 14. Nc1 Qh6
15. Nd3 Be6 16. b3 Ng4 17. h3 Nxe3 18. fxe3 Qxe3+ 19. Kh2 Rad8 20. Rf3 Qb6 21.
c5 Qb5 22. a4 Qe8 23. Re3 e4 24. Bxe4 fxe4 25. Rxe4 Qf7 26. Qe2 Bxb3 27. Nf4
Nxf4 28. Rxf4 Qe6 29. Qxe6+ Bxe6 30. Re4 Bd5 31. Re2 Rf3 32. Rc1 Rdf8 33. Bd4
Rd3 34. Be5 Re8 35. Rce1 Bf3 1/2-1/2

[Event "4NCL/Div2/WRO vs. WWKS1"]
[Site "Coventry ENG"]
[Date "2006.11.12"]
[Round "4.4"]
[White "James, Russell A"]
[Black "Yepes, Eduardo"]
[Result "0-1"]
[WhiteElo "2243"]
[BlackElo "2294"]
[PlyCount "82"]
[EventDate "2006.11.12"]
[EventType "team"]
[EventRounds "11"]
[EventCountry "ENG"]
[WhiteTeam "Warks Select 1"]
[BlackTeam "White Rose"]

1. e4 e6 2. Nf3 d5 3. e5 c5 4. b4 cxb4 5. a3 Nc6 6. axb4 Bxb4 7. c3 Be7 8. d4
f6 9. Bd3 fxe5 10. dxe5 Qc7 11. Qe2 Nh6 12. O-O O-O 13. Re1 Bd7 14. Ba3 Be8 15.
Nbd2 Bh5 16. Bxe7 Qxe7 17. Ra4 Ng4 18. Rxg4 Bxg4 19. Qe3 Bf5 20. Bf1 a6 21. g3
b5 22. Nh4 Bg4 23. h3 Bh5 24. Ndf3 Qa7 25. Nd4 Nxd4 26. cxd4 Qe7 27. f4 b4 28.
Bg2 Rac8 29. f5 Rc3 30. Qf2 g5 31. f6 gxh4 32. g4 Qa7 33. gxh5 Rd3 34. Bxd5
exd5 35. e6 Rg3+ 36. Kh2 Qc7 37. f7+ Kh8 38. Re5 Qe7 39. Qf4 b3 40. Re2 Rxf7
41. exf7 Qxe2+ 0-1

[Event "4NCL/Div2/WRO vs. WWKS1"]
[Site "Coventry ENG"]
[Date "2006.11.12"]
[Round "4.5"]
[White "Gayson, Peter M"]
[Black "Pitcher, John"]
[Result "1-0"]
[WhiteElo "2240"]
[BlackElo "2194"]
[PlyCount "45"]
[EventDate "2006.11.12"]
[EventType "team"]
[EventRounds "11"]
[EventCountry "ENG"]
[WhiteTeam "White Rose"]
[BlackTeam "Warks Select 1"]

1. e4 c5 2. Nf3 e6 3. d4 cxd4 4. Nxd4 a6 5. Nc3 Nc6 6. Be2 Nge7 7. Be3 Nxd4 8.
Qxd4 b5 9. O-O Nc6 10. Qd2 Be7 11. f4 O-O 12. Rad1 Qc7 13. a4 bxa4 14. Nxa4 Rb8
15. b3 Rd8 16. e5 Nb4 17. Bc4 d5 18. exd6 Rxd6 19. Qf2 Rc6 20. f5 Rxc4 21. bxc4
Qxc4 22. f6 gxf6 23. Qg3+ 1-0

[Event "4NCL/Div2/WRO vs. WWKS1"]
[Site "Coventry ENG"]
[Date "2006.11.12"]
[Round "4.6"]
[White "Shephard, Chris C W"]
[Black "Llaneza Vega, Patricia"]
[Result "1-0"]
[WhiteElo "2180"]
[BlackElo "2232"]
[PlyCount "125"]
[EventDate "2006.11.12"]
[EventType "team"]
[EventRounds "11"]
[EventCountry "ENG"]
[WhiteTeam "Warks Select 1"]
[BlackTeam "White Rose"]

1. c4 e5 2. Nc3 Bb4 3. Qc2 Nc6 4. e3 Bxc3 5. Qxc3 d6 6. d4 Nf6 7. Bd3 O-O 8.
Ne2 Re8 9. d5 Nb8 10. e4 a5 11. f3 Nbd7 12. Bg5 Nc5 13. Bxf6 Qxf6 14. O-O Qh6
15. Bc2 Bd7 16. a4 b6 17. Rfd1 Rf8 18. Qd2 Qxd2 19. Rxd2 f5 20. Nc3 fxe4 21.
Nxe4 h6 22. Nxc5 bxc5 23. b3 Rab8 24. Re1 Rf4 25. Re4 Kf7 26. Kf2 Rf6 27. Re3
g5 28. Be4 g4 29. Rdd3 h5 30. Ke1 h4 31. fxg4 Bxg4 32. Rd2 Kg7 33. Rf2 Rxf2 34.
Kxf2 Bd1 35. Rh3 Bxb3 36. Rxh4 Rh8 37. Rg4+ Kf6 38. Rg6+ Kf7 39. Rg3 Bxc4 40.
h3 Rh4 41. Re3 Kf6 42. g4 Rh8 43. Rc3 Ba6 44. Kg3 Rb8 45. h4 Rb4 46. g5+ Kg7
47. Bf5 Bc4 48. h5 Bxd5 49. h6+ Kh8 50. g6 Rf4 51. Bc2 Be6 52. Rf3 Rxf3+ 53.
Kxf3 d5 54. g7+ Kg8 55. Bg6 c4 56. Kg3 Bf7 57. Bf5 c3 58. Kh4 c2 59. Bxc2 e4
60. Kg5 Kh7 61. Bd1 c5 62. Bg4 Bg6 63. Be6 1-0

[Event "4NCL/Div2/WRO vs. WWKS1"]
[Site "Coventry ENG"]
[Date "2006.11.12"]
[Round "4.7"]
[White "Barrett, Steve J"]
[Black "Baruch, Andrew J D"]
[Result "1-0"]
[WhiteElo "2206"]
[BlackElo "2084"]
[PlyCount "59"]
[EventDate "2006.11.12"]
[EventType "team"]
[EventRounds "11"]
[EventCountry "ENG"]
[WhiteTeam "White Rose"]
[BlackTeam "Warks Select 1"]

1. d4 g6 2. c4 Bg7 3. Nc3 d6 4. Bg5 c5 5. e3 Qb6 6. Qd2 cxd4 7. Nd5 dxe3 8.
Bxe3 Qxb2 9. Qxb2 Bxb2 10. Rb1 e6 11. Nc7+ Kd8 12. Nxa8 Bc3+ 13. Kd1 Nc6 14.
Bd3 b6 15. Nxb6 axb6 16. Bxb6+ Kd7 17. Ne2 Bb4 18. Nd4 Nge7 19. Be4 Bc3 20.
Nxc6 Nxc6 21. Kc2 Bg7 22. Rhd1 f5 23. Bxc6+ Kxc6 24. Be3 f4 25. Ba7 Be5 26. f3
Bd7 27. Rb8 Rxb8 28. Bxb8 g5 29. Kb3 Bc8 30. c5 1-0

[Event "4NCL/Div2/WRO vs. WWKS1"]
[Site "Coventry ENG"]
[Date "2006.11.12"]
[Round "4.8"]
[White "David, Murray J"]
[Black "Cumbers, Paul"]
[Result "1-0"]
[WhiteElo "1867"]
[BlackElo "2171"]
[PlyCount "109"]
[EventDate "2006.11.12"]
[EventType "team"]
[EventRounds "11"]
[EventCountry "ENG"]
[WhiteTeam "Warks Select 1"]
[BlackTeam "White Rose"]

1. e4 e6 2. Nc3 d5 3. Nf3 Nf6 4. e5 Nfd7 5. d4 c5 6. dxc5 Nc6 7. Bf4 Bxc5 8.
Bd3 f6 9. exf6 Nxf6 10. O-O O-O 11. Bg3 Bd7 12. a3 a6 13. Ne5 b5 14. Qd2 Qb6
15. Rae1 Nxe5 16. Bxe5 b4 17. axb4 Qxb4 18. Qg5 h6 19. Qg3 Ng4 20. Re4 dxe4 21.
Qxg4 Rf7 22. Nxe4 Kf8 23. Qg3 Ke7 24. Nxc5 Qxc5 25. Bg6 Rf6 26. Rd1 Qc6 27.
Qa3+ Kd8 28. Qa5+ Ke7 29. Bd6+ Qxd6 30. Rxd6 Kxd6 31. Qb4+ Kc7 32. Qc5+ Kd8 33.
Be4 Rc8 34. Qa5+ Ke7 35. Qxa6 g5 36. Qa3+ Kf7 37. Qd6 Ke8 38. Qe5 Ke7 39. c3 g4
40. Qg3 Rc5 41. Qxg4 Rg5 42. Qe2 Ra5 43. f3 e5 44. Bd3 Rd6 45. Bc4 Kf6 46. Qe3
Kg7 47. f4 Rd1+ 48. Kf2 exf4 49. Qe7+ Kg6 50. Qf7+ Kg5 51. h4+ Kxh4 52. Qxf4+
Bg4 53. Be2 Rf5 54. g3+ Kh3 55. Bxg4+ 1-0

[Event "4NCL/Div2/GUI3 vs. CAMB1"]
[Site "Coventry ENG"]
[Date "2006.11.12"]
[Round "4.1"]
[White "Muir, Andrew J"]
[Black "Dearing, Eddie"]
[Result "1-0"]
[WhiteElo "2341"]
[BlackElo "2395"]
[PlyCount "73"]
[EventDate "2006.11.12"]
[EventType "team"]
[EventRounds "11"]
[EventCountry "ENG"]
[WhiteTeam "Guildford-ADC 3"]
[BlackTeam "Cambridge U 1"]

1. d4 Nf6 2. c4 c5 3. d5 e5 4. Nc3 d6 5. e4 Be7 6. Be2 O-O 7. Nf3 Ne8 8. O-O
Nd7 9. a3 g6 10. Bh6 Ng7 11. Qd2 Nf6 12. Ne1 Kh8 13. Nd3 Ng8 14. Be3 f5 15. f4
exf4 16. Bxf4 g5 17. Be3 f4 18. Bf2 Bf6 19. e5 dxe5 20. Bxc5 Re8 21. Ne4 b6 22.
Bb4 Nf5 23. Bh5 Re7 24. Rfe1 Rg7 25. Bc3 Ne3 26. Nxe5 Bf5 27. Nxf6 Nxf6 28.
Nf7+ Rxf7 29. Bxf7 Kg7 30. Rxe3 fxe3 31. Qxe3 Kxf7 32. Rf1 Kg6 33. Rxf5 Kxf5
34. Qd3+ Ne4 35. Qf3+ Kg6 36. Qxe4+ Kf7 37. Qxh7+ 1-0

[Event "4NCL/Div2/GUI3 vs. CAMB1"]
[Site "Coventry ENG"]
[Date "2006.11.12"]
[Round "4.2"]
[White "Pinter, Gabor"]
[Black "Richardson, Keith B"]
[Result "1-0"]
[WhiteElo "2362"]
[BlackElo "2273"]
[PlyCount "61"]
[EventDate "2006.11.12"]
[EventType "team"]
[EventRounds "11"]
[EventCountry "ENG"]
[WhiteTeam "Cambridge U 1"]
[BlackTeam "Guildford-ADC 3"]

1. e4 g6 2. d4 Bg7 3. Nc3 d6 4. Bg5 Nc6 5. Nge2 Nf6 6. f3 h6 7. Be3 O-O 8. Qd2
Kh7 9. g4 e5 10. d5 Ne7 11. h4 h5 12. gxh5 Nxh5 13. O-O-O a6 14. f4 b5 15. a3
f6 16. Bg2 Bd7 17. Bf3 a5 18. f5 Qe8 19. Bxh5 gxh5 20. Rdg1 Rg8 21. Rh2 Bh8 22.
Ng3 Qf7 23. Rhg2 Rg4 24. Nd1 a4 25. Nf2 Rxh4 26. Qc3 c6 27. Ne2 cxd5 28. Rg6
Ng8 29. Bd2 dxe4 30. Qe3 Qf8 31. Rxg8 1-0

[Event "4NCL/Div2/GUI3 vs. CAMB1"]
[Site "Coventry ENG"]
[Date "2006.11.12"]
[Round "4.3"]
[White "Granat, Russell G"]
[Black "Moskovic, David M"]
[Result "1/2-1/2"]
[WhiteElo "2257"]
[BlackElo "2272"]
[PlyCount "89"]
[EventDate "2006.11.12"]
[EventType "team"]
[EventRounds "11"]
[EventCountry "ENG"]
[WhiteTeam "Guildford-ADC 3"]
[BlackTeam "Cambridge U 1"]

1. e4 c5 2. Nf3 d6 3. d4 cxd4 4. Nxd4 Nf6 5. Nc3 a6 6. Be2 e5 7. Nb3 Be7 8. Be3
Be6 9. Nd5 Bxd5 10. exd5 O-O 11. a4 a5 12. O-O Nbd7 13. c4 Nc5 14. Nxc5 dxc5
15. Qc2 Bd6 16. Ra3 Qc7 17. Bg5 Ne8 18. f4 exf4 19. Raf3 h6 20. Bxf4 Bxf4 21.
Rxf4 Nd6 22. Bd3 Rae8 23. Qf2 Re5 24. h4 Rfe8 25. Rg4 Kh8 26. Qg3 Re3 27. Rf3
Rxf3 28. Qxf3 Re1+ 29. Kf2 Qe7 30. b3 Rh1 31. Qe3 Qxe3+ 32. Kxe3 g6 33. Bxg6
fxg6 34. Rxg6 Nf7 35. g3 Kh7 36. Rb6 Re1+ 37. Kf4 Re7 38. g4 Kg7 39. g5 h5 40.
g6 Ne5 41. Kg5 Nf3+ 42. Kxh5 Re4 43. Rxb7+ Kg8 44. Rb8+ Kg7 45. Rb7+ 1/2-1/2

[Event "4NCL/Div2/GUI3 vs. CAMB1"]
[Site "Coventry ENG"]
[Date "2006.11.12"]
[Round "4.5"]
[White "Dekker, Alain"]
[Black "Hodge, David J"]
[Result "0-1"]
[WhiteElo "2141"]
[BlackElo "2168"]
[PlyCount "82"]
[EventDate "2006.11.12"]
[EventType "team"]
[EventRounds "11"]
[EventCountry "ENG"]
[WhiteTeam "Guildford-ADC 3"]
[BlackTeam "Cambridge U 1"]

1. e4 c5 2. Nf3 d6 3. d4 cxd4 4. Nxd4 Nf6 5. Nc3 a6 6. g4 Bxg4 7. f3 Bd7 8. Bg5
Nc6 9. Nxc6 Bxc6 10. Qd2 Qa5 11. O-O-O e6 12. Kb1 O-O-O 13. Rg1 h6 14. Be3 d5
15. Qf2 dxe4 16. Bc4 Rxd1+ 17. Rxd1 Qe5 18. Bb6 Nd7 19. fxe4 Nxb6 20. Qxb6 Bc5
21. Qa5 Bd4 22. Qxe5 Bxe5 23. Rf1 Be8 24. h3 Kd7 25. Nd1 Bd4 26. Rf3 Kd6 27. c3
Bb6 28. Kc2 Ke5 29. Kd3 f6 30. Ne3 Bxe3 31. Kxe3 g5 32. Rf2 h5 33. Rd2 Bc6 34.
Rd4 g4 35. h4 Rg8 36. Be2 g3 37. Rd1 Bxe4 38. Bxh5 f5 39. Bf3 f4+ 40. Ke2 Bxf3+
41. Kxf3 Kf5 0-1

[Event "4NCL/Div2/GUI3 vs. CAMB1"]
[Site "Coventry ENG"]
[Date "2006.11.12"]
[Round "4.6"]
[White "Churm, Rohan M"]
[Black "Punnett, Alan K"]
[Result "1-0"]
[WhiteElo "2177"]
[BlackElo "2107"]
[PlyCount "41"]
[EventDate "2006.11.12"]
[EventType "team"]
[EventRounds "11"]
[EventCountry "ENG"]
[WhiteTeam "Cambridge U 1"]
[BlackTeam "Guildford-ADC 3"]

1. e4 e6 2. d4 d5 3. Nc3 Bb4 4. Bd3 Nf6 5. e5 Nfd7 6. Qg4 g6 7. a3 Bxc3+ 8.
bxc3 c5 9. h4 Qa5 10. Bd2 c4 11. Be2 h5 12. Qf4 Nc6 13. Nh3 Nb6 14. Ng5 Rf8 15.
Nh7 Rh8 16. Qh6 Bd7 17. Nf6+ Ke7 18. Qg7 Raf8 19. Nh7 Rfg8 20. Bg5+ Ke8 21.
Nf6+ 1-0

[Event "4NCL/Div2/GUI3 vs. CAMB1"]
[Site "Coventry ENG"]
[Date "2006.11.12"]
[Round "4.7"]
[White "Howell, Christopher"]
[Black "Jones, Richard M"]
[Result "1/2-1/2"]
[WhiteElo "2119"]
[BlackElo "2078"]
[PlyCount "83"]
[EventDate "2006.11.12"]
[EventType "team"]
[EventRounds "11"]
[EventCountry "ENG"]
[WhiteTeam "Guildford-ADC 3"]
[BlackTeam "Cambridge U 1"]

1. e4 e5 2. Nc3 Nf6 3. Nf3 Nc6 4. Bb5 Bb4 5. O-O O-O 6. d3 Bxc3 7. bxc3 d6 8.
h3 Ne7 9. Bg5 Ng6 10. Nh4 c6 11. Bc4 d5 12. Nxg6 hxg6 13. exd5 cxd5 14. Bb3 Qd6
15. Qf3 Nh7 16. Bc1 Be6 17. a4 Qc6 18. Rb1 Nf6 19. Qe3 Nd7 20. Re1 Rfe8 21. Bb2
f6 22. f4 exf4 23. Qxf4 Nc5 24. c4 dxc4 25. Bxc4 Bxc4 26. Qxc4+ Ne6 27. Qxc6
bxc6 28. Bc3 Nf4 29. Kf2 Rxe1 30. Rxe1 Kf7 31. Bb4 Ne6 32. a5 Rb8 33. Re4 Rb5
34. Ke3 c5 35. Bc3 Nc7 36. Ra4 Nd5+ 37. Kd2 Ke6 38. Re4+ Kd6 39. Re8 Nxc3 40.
Kxc3 Rxa5 41. Rg8 g5 42. Rxg7 1/2-1/2

[Event "4NCL/Div2/GUI3 vs. CAMB1"]
[Site "Coventry ENG"]
[Date "2006.11.12"]
[Round "4.8"]
[White "Powell, Annie"]
[Black "Franklin, Samuel"]
[Result "1-0"]
[WhiteElo "2024"]
[BlackElo "1880"]
[PlyCount "71"]
[EventDate "2006.11.12"]
[EventType "team"]
[EventRounds "11"]
[EventCountry "ENG"]
[WhiteTeam "Cambridge U 1"]
[BlackTeam "Guildford-ADC 3"]

1. e4 c5 2. Nf3 d6 3. d4 cxd4 4. Nxd4 Nf6 5. Nc3 g6 6. Be3 Bg7 7. f3 O-O 8. Qd2
Nc6 9. O-O-O d5 10. Qe1 e5 11. Nxc6 bxc6 12. exd5 Nxd5 13. Bc4 Be6 14. Ne4 Qb8
15. Bc5 Rd8 16. g4 h6 17. Qh4 Nf4 18. Bxe6 Nxe6 19. Be3 Nf4 20. Qf2 Qb5 21. Nc3
Qa5 22. Rxd8+ Rxd8 23. Bxa7 Rd3 24. Qb6 Qxb6 25. Bxb6 Rxf3 26. a4 Rxc3 27. bxc3
Nd5 28. a5 e4 29. Bd4 Bf8 30. a6 Bd6 31. a7 Nc7 32. Kd2 c5 33. Be3 f5 34. Rb1
f4 35. Rb7 fxe3+ 36. Ke2 1-0

[Event "4NCL/Div2/OXF1 vs. SLOS2"]
[Site "Coventry ENG"]
[Date "2006.11.12"]
[Round "4.1"]
[White "Savage, Ben D"]
[Black "Rees, Ioan"]
[Result "1/2-1/2"]
[WhiteElo "2335"]
[BlackElo "2227"]
[PlyCount "78"]
[EventDate "2006.11.12"]
[EventType "team"]
[EventRounds "11"]
[EventCountry "ENG"]
[WhiteTeam "Oxford 1"]
[BlackTeam "Slough Sharks 2"]

1. e4 c5 2. c3 d5 3. exd5 Qxd5 4. d4 Nf6 5. Nf3 Bg4 6. dxc5 Qxc5 7. Na3 a6 8.
h3 Bh5 9. Be3 Qc7 10. g4 Bg6 11. Bg2 e6 12. Qa4+ Nbd7 13. Bf4 Qc6 14. Qxc6 bxc6
15. Nc4 Nc5 16. Nfe5 Nd5 17. Bg3 Be4 18. f3 Nd3+ 19. Kd2 Nxe5 20. Nxe5 Bg6 21.
Nxc6 Bc5 22. Bf1 h5 23. Ne5 Be3+ 24. Ke2 hxg4 25. Nxg6 gxf3+ 26. Kxf3 fxg6 27.
c4 O-O+ 28. Ke2 Bf4 29. Bf2 Rab8 30. Bd4 e5 31. Bg2 Ne3 32. Bxe3 Rxb2+ 33. Kf3
Bxe3+ 34. Kxe3 Rxg2 35. Rhg1 Rh2 36. Rxg6 Rxh3+ 37. Ke4 Rf4+ 38. Kxe5 Rxc4 39.
Rag1 Rh5+ 1/2-1/2

[Event "4NCL/Div2/OXF1 vs. SLOS2"]
[Site "Coventry ENG"]
[Date "2006.11.12"]
[Round "4.2"]
[White "Martyn, Rafe"]
[Black "Ozeren, Kemal"]
[Result "0-1"]
[WhiteElo "2288"]
[BlackElo "2290"]
[PlyCount "108"]
[EventDate "2006.11.12"]
[EventType "team"]
[EventRounds "11"]
[EventCountry "ENG"]
[WhiteTeam "Slough Sharks 2"]
[BlackTeam "Oxford 1"]

1. d4 d5 2. c4 c6 3. Nc3 Nf6 4. e3 Bg4 5. Be2 Bxe2 6. Qxe2 e6 7. Nf3 Nbd7 8.
O-O Be7 9. Rd1 O-O 10. e4 dxe4 11. Nxe4 Nxe4 12. Qxe4 Nf6 13. Qe2 Qa5 14. Ne5
Rad8 15. Bf4 Nd7 16. Rd3 Nxe5 17. Bxe5 Bd6 18. Bxd6 Rxd6 19. Ra3 Qc7 20. Qe5
Rfd8 21. Re1 a6 22. Rg3 g6 23. h4 R6d7 24. Qxc7 Rxc7 25. Rd3 Rcd7 26. Red1 Kf8
27. f3 e5 28. d5 cxd5 29. cxd5 Ke7 30. Kf2 Rc8 31. R1d2 Kd6 32. g3 f5 33. Ke3
Rc5 34. b3 Rdc7 35. b4 Rc3 36. a3 Rxd3+ 37. Rxd3 Rc2 38. Rd1 Rc3+ 39. Ke2 Rxa3
40. Rc1 Rb3 41. Rc8 Kxd5 42. Rh8 Kd4 43. Rd8+ Kc4 44. Rd7 Rxb4 45. Rxh7 a5 46.
g4 a4 47. h5 Rb2+ 48. Kd1 fxg4 49. hxg6 gxf3 50. Rf7 Rg2 51. g7 b5 52. Re7 a3
53. Rc7+ Kb3 54. Rc2 Rxg7 0-1

[Event "4NCL/Div2/OXF1 vs. SLOS2"]
[Site "Coventry ENG"]
[Date "2006.11.12"]
[Round "4.3"]
[White "Bilalic, Merim"]
[Black "Williams, Samuel G"]
[Result "1-0"]
[WhiteElo "2288"]
[BlackElo "2245"]
[PlyCount "78"]
[EventDate "2006.11.12"]
[EventType "team"]
[EventRounds "11"]
[EventCountry "ENG"]
[WhiteTeam "Oxford 1"]
[BlackTeam "Slough Sharks 2"]

1. e4 c5 2. Nc3 Nc6 3. g3 g6 4. Bg2 Bg7 5. d3 e6 6. Be3 d6 7. f4 Nge7 8. Nf3 b6
9. O-O O-O 10. d4 Ba6 11. Rf2 Rc8 12. Rd2 cxd4 13. Nxd4 Na5 14. Rf2 Nc4 15. Bc1
b5 16. f5 exf5 17. exf5 gxf5 18. Nd5 Rc5 19. Bg5 Rxd5 20. Bxd5 Ne3 21. Bxe3
Nxd5 22. Bc1 Ne7 23. Bg5 Qb6 24. c3 f6 25. Be3 Qb7 26. Qf3 Qd7 27. h4 Bb7 28.
Qh5 Be4 29. Kh2 Rf7 30. Raf1 Bd3 31. Rd1 Be4 32. Qe2 a6 33. c4 Bf8 34. cxb5
axb5 35. Qxb5 Qa7 36. Nxf5 Qxa2 37. Nxd6 Bc6 38. Qb8 Qe6 39. Bh6 Qe5 1-0

[Event "4NCL/Div2/OXF1 vs. SLOS2"]
[Site "Coventry ENG"]
[Date "2006.11.12"]
[Round "4.4"]
[White "Kahar, Krunal"]
[Black "Smallbone, Kieran"]
[Result "0-1"]
[WhiteElo "2220"]
[BlackElo "2228"]
[PlyCount "74"]
[EventDate "2006.11.12"]
[EventType "team"]
[EventRounds "11"]
[EventCountry "ENG"]
[WhiteTeam "Slough Sharks 2"]
[BlackTeam "Oxford 1"]

1. Nf3 d5 2. b3 Bg4 3. Bb2 Nd7 4. d4 Bxf3 5. gxf3 Ngf6 6. e3 e6 7. c4 c6 8. Bd3
Bd6 9. c5 Bc7 10. f4 Ne4 11. Qg4 g6 12. f3 f5 13. Qg2 Nef6 14. b4 a6 15. Nc3
Nh5 16. a4 Qf6 17. Ne2 a5 18. Bc3 axb4 19. Bxb4 Bxf4 20. exf4 Nxf4 21. Nxf4
Qxd4 22. Rb1 Qxf4 23. Qe2 Rxa4 24. Qxe6+ Kd8 25. Bd2 Qh4+ 26. Kd1 Re8 27. Qd6
Kc8 28. Rxb7 Ra1+ 29. Rb1 Qa4+ 30. Kc1 Qa3+ 31. Kc2 Ra2+ 32. Kd1 Qa4+ 33. Kc1
Qa3+ 34. Kd1 Qxd3 35. Qxc6+ Kd8 36. Rb8+ Nxb8 37. Qb6+ Kc8 0-1

[Event "4NCL/Div2/OXF1 vs. SLOS2"]
[Site "Coventry ENG"]
[Date "2006.11.12"]
[Round "4.5"]
[White "Milovanovic, Aleksander"]
[Black "Schneider, Veronika"]
[Result "0-1"]
[WhiteElo "2272"]
[BlackElo "2221"]
[PlyCount "88"]
[EventDate "2006.11.12"]
[EventType "team"]
[EventRounds "11"]
[EventCountry "ENG"]
[WhiteTeam "Oxford 1"]
[BlackTeam "Slough Sharks 2"]

1. d4 Nf6 2. c4 g6 3. Nf3 Bg7 4. Nc3 d5 5. e3 O-O 6. Be2 b6 7. O-O Bb7 8. b4
dxc4 9. Bxc4 Qd6 10. Nb5 Qc6 11. Na3 Nbd7 12. Bb5 Qd6 13. Be2 Nd5 14. Bd2 c5
15. Nc4 Qf6 16. bxc5 bxc5 17. Rb1 Ba6 18. Qa4 Rfd8 19. Rfc1 cxd4 20. Nxd4 Nc5
21. Qa3 Ne4 22. Be1 Rac8 23. Qa5 Nf4 24. Bf1 Rd5 25. Qxa6 Qxa6 26. Nd2 Rxc1 27.
Rxc1 Qb7 28. Nxe4 Rxd4 29. Nc5 Qb2 30. Nb3 Rd8 31. exf4 Qxa2 32. Bc4 Qa3 33.
Rb1 Rc8 34. Nd2 Qd6 35. Bf1 Qxf4 36. Nf3 Qe4 37. Rd1 Qc2 38. Rd7 Qc5 39. Rd1 a5
40. Bd2 a4 41. Be3 Qc2 42. Rd2 Qb1 43. Rd7 a3 44. Nd2 Qc2 0-1